|
|
|
|
| LEADER |
01079nam a22002297a 4500 |
| 001 |
30663 |
| 003 |
BD-DhAAL |
| 005 |
20241124124729.0 |
| 008 |
151130s1997 bg ||||| |||| 00| 0 ben d |
| 040 |
|
|
|a BD-DhAAL
|c BD-DhAAL
|
| 082 |
|
|
|2 22
|a 307.1412095492
|
| 245 |
|
|
|a ত্রৈমাসিক অবলোকন প্রতিবেদন,
|g (জুলাই-সেপ্টেম্বার' ৯৭).
|
| 260 |
|
|
|a ঢাকা :
|b অবলোকন বিভাগ, ব্র্যাক,
|c ১৯৯৭.
|
| 300 |
|
|
|a ৭৬ পৃ. :
|b চিত্র ;
|c ২৯ সে.মি.
|
| 541 |
|
|
|a Complimentary copy from BRAC
|e 30663
|
| 610 |
|
|
|a BRAC
|9 16549
|
| 650 |
|
|
|a Rural development
|x Bangladesh.
|9 16550
|
| 710 |
|
|
|a ব্র্যাক
|9 16551
|
| 852 |
|
|
|a Ayesha Abed Library
|
| 942 |
|
|
|2 ddc
|c BK
|
| 999 |
|
|
|c 36321
|d 36321
|
| 952 |
|
|
|0 0
|1 4
|2 ddc
|4 0
|6 307_141209549200000_TRI
|7 1
|8 RPT
|9 57106
|a BRACUL
|b BRACUL
|c BRS
|d 2015-11-30
|e Complimentary copy from BRAC
|l 0
|o 307.1412095492 TRI
|p 3010030662
|r 2015-11-30
|t 1
|w 2015-11-30
|y BK
|x Koha Inventory 2020 AAL; Price not available in register.
|